Ägyptische Urkunden aus den Staatlichen Museen Berlin : Koptische Urkunden /

محفوظ في:

مؤلف مشترك: Königliche Museen zu Berlin

مؤلفون آخرون: Satzinger, Helmut.

التنسيق: كتاب

اللغة: German

منشور في: Berlin : Hessling, 1967-

الموضوعات:

الوسوم: إضافة وسم

لا توجد وسوم, كن أول من يضع وسما على هذه التسجيلة!

رقم الطلب: PJ2197 .B45 v.3/1

LEADER 00934nam a22002297a 4500
003 OSt
005 20251110071700.0
008 130303t19679999gw a b 001 0 ger d
040 |c ARCE Library 
050 1 4 |a PJ2197  |b .B45 v.3/1 
110 2 |a Königliche Museen zu Berlin, 
245 1 0 |a Ägyptische Urkunden aus den Staatlichen Museen Berlin :  |b Koptische Urkunden /  |c bearbeitet von Helmut Satzinger. 
264 1 |a Berlin :  |b Hessling,  |c 1967- 
300 |a volumes :   |b illustrations (some color) ;   |c 26 cm. 
504 |a Includes bibliographical references and indexes. 
505 0 |a Volume 1 and volumes 2, part 1 were published in 1904 by Weidmann, Berlin. No more was published since. Publication continues with volumes 3, part 1 in 1967 edited by Helmut Satzinger. 
650 0 |a Coptic language  |v Texts. 
700 1 |a Satzinger, Helmut.  |9 39242 
740 0 |a Koptische Urkunden. 
901 |a reviewed 
942 |c BK  |2 lcc 
999 |c 19218  |d 19218